MARC

LEADER 00000nam0a2200000 4500
001 602030
005 20240205163124.0
035 |a (RuTPU)RU\TPU\tpu\27432 
035 |a RU\TPU\tpu\27431 
090 |a 602030 
100 |a 20150507d2010 m y0rusy50 ca 
101 0 |a rus 
102 |a RU 
105 |a a z 001zy 
200 1 |a 60 лет физико-техническому (ядерному) образованию в Сибири  |e сборник материалов  |f Ф. П. Кошелев [и др.] 
210 |a Томск  |c Изд-во ТПУ  |d 2010 
215 |a 234 с. 
333 |a В фонде НТБ ТПУ отсутствует 
610 1 |a труды учёных ТПУ 
701 1 |a Кошелев  |b Ф. П.  |c физик  |c доцент Томского политехнического университета, кандидат технических наук  |f 1940-  |g Феликс Петрович  |3 (RuTPU)RU\TPU\pers\26457 
701 1 |a Дядик  |b В. Ф.  |c специалист в области автоматического управления  |c доцент Томского политехнического университета, кандидат технических наук  |f 1939-  |g Валерий Феодосиевич  |3 (RuTPU)RU\TPU\pers\25485 
701 1 |a Бойко  |b В. И.  |c российский физик-ядерщик  |c профессор Томского политехнического университета, доктор физико-математических наук  |f 1943-  |g Владимир Ильич  |3 (RuTPU)RU\TPU\pers\21949 
701 1 |a Вергун  |b А. П.  |c физик  |c профессор Томского политехнического университета, доктор физико-математических наук  |f 1938-  |g Анатолий Павлович  |3 (RuTPU)RU\TPU\pers\21951  |9 9271 
701 1 |a Каляцкая  |b Г. В.  |c российский химик-технолог  |c доцент Томского политехнического университета  |c кандидат технических наук  |c выпускник ХТФ Томского политехнического института 1953 г.  |f 1931-  |g Галина Васильевна  |3 (RuTPU)RU\TPU\pers\27759 
701 1 |a Рыжакова  |b Н. К.  |c физик  |c доцент Томского политехнического университета, кандидат физико-математических наук  |f 1947-  |g Надежда Кирилловна  |3 (RuTPU)RU\TPU\pers\28003  |9 12992 
701 1 |a Алимов  |b К. М. 
701 1 |a Селиваникова  |b О. В.  |c специалист в области ядерных технологий  |c старший преподаватель Томского политехнического университета  |f 1977-  |g Ольга Валерьевна  |3 (RuTPU)RU\TPU\pers\26441  |9 12144 
801 1 |a RU  |b 63413507  |c 20150507 
801 2 |a RU  |b 63413507  |c 20150507  |g RCR 
942 |c BK